000 00570ntaaa2200205 4500
003 01
005 20251027202424.0
008 0714s1973 ag 01
040 _aAR-BaBN
_bspa
_cAR-BaBN
_eaacr
_dRIC
082 _a289.6000 V28
100 _aVan Etten, Henry
_923081
245 _aGeorge Fox (1624-1691) and the quakers
250 _a1 ed.
260 _aNew York :
_bHarper Torchbooks,
_cc1959
300 _a191 p
500 _aEstudio de los cuáqueros y su líder, George Fox
650 _aFox, George 1624-1691
_923082
650 _aCuáqueros
_912682
942 _cBK
999 _c19162
_d19162